01093cam a2200265 a 450000100100000000500170001000800410002702000150006804000340008308200180011710000460013524500700018126000710025130000210032249000470034350400570039050400210044765000600046865000640052883000560059291000340064804900090068295201210069199900150081200000632120200929153921.0930826s1989 sp b 001 0 spa d a8478200363 aDO-SdBNPbspacIUdDLCdBNPHU a860.64bC169m1 aCalvo Carilla, José Luis.d1950-91763113aEl modernismo literario en Aragón /cJosé Luis Calvo Carilla. aZaragoza, España :bInstitución Fernando el Católico,c1989. a251 p. ;c31 cm.1 aInstitución Fernando el Católicov1197 aIncluye referencias bibliográficas (p. [227] -242) aIncluye índice 4aModernismo (literatura)zAragon (España{Rpara}917632 4aLiteratura españolaySIGLO XXxHistoria y crítica93061 0aInstitución Fernando el Católico ;v1197916722 aCatalogación por copia / LC aBNGR 001054708MOaGRbGRcCTd2009-08-27iLF1l0o860.64 C169mp6321-10r2020-06-25w2020-06-25y4ZPréstamo en sala c6116d6116